000 01080naa a22003017a 4500
001 BR8805659
003 BR-BrBNA
005 20240918180312.0
007 ta
008 230509b bl.||||| |||| 00| 0 por d
040 _aBR-BrBNA
_bpor
_cBiblioteca Nacional de Agricultura
041 _a(Pt)
072 _aQ54
_b6100
_b8954
090 _aQ54 BR8805659
100 1 _aSilva, R.D. de M. e
111 1 _a4. Seminario dos Produtores de Pintos de Corte
_cCampinas, SP (Brazil)
_d24-26 Jun 1987
245 1 _aUtilizacao de subprodutos de abatedouros avicolas na alimentacao de aves
260 3 _aCampinas, SP (Brasil):
_c1987.
500 _aAnais do 4. Seminario dos Produtores de Pintos de Corte Campinas, SP (Brasil): 1987. p. 69-78 (BR8805659-AM)Q54
650 _aGALINHA
650 _aRACAO
650 _aFARINHA DE PENA
650 _aFARINHA DE SANGUE
650 _aNUTRICAO
773 0 _tAnais do 4. Seminario dos Produtores de Pintos de Corte
_wQ54 BR8805659
_gCampinas, SP (Brasil), 1987. p. 69-78
909 _a202404
_bLucia
_c55
_dLucia Elande
942 _cAM
_2AGRIS
999 _c319679
_d319679